| 000 | 00725nam a22002657a 4500 | ||
|---|---|---|---|
| 008 | 240821b mp ||||| |||| 00| 0 mon d | ||
| 020 | _a99929-0-230-2 | ||
| 035 | _a3318 | ||
| 040 |
_aDXO45059 _bmon _cMN-UlNLM _dMN-UlNLM _erda |
||
| 041 | _amon | ||
| 082 |
_210-t _a894.23 _bУ.486 |
||
| 100 | _aУрианхай Д. | ||
| 245 | 0 | _aӨвгөн үг | |
| 245 | 0 | _b0 | |
| 245 | 0 | _c0 | |
| 264 |
_aУБ _bМонсудар хэвлэлийн газар |
||
| 300 | _a197х. | ||
| 336 |
_2rdacontent _atext _btxt |
||
| 337 |
_2rdamedia _aunmediated _bn |
||
| 338 |
_2rdacarrier _avolume _bnc |
||
| 505 | _tөвгөн үг; 0; 0; 0; 0 | ||
| 650 | _aүндсэн фонд | ||
| 942 |
_210-t _cBK |
||
| 999 |
_c1128646 _d1128703 |
||